Bilder nach Buchstabe - Y #2 - Statistiken

Allgemein
  • Dieses Quiz wurde 89 mal gespielt
  • Das Durchschnittsergebnis liegt bei 7 aus 16
Antwortstatistiken
Bildquiz Antwort % Korrekt
YouTube
99%
Yoda
92%
Yoshi
75%
York
71%
Yamal
68%
Young Boys Bern
59%
Yamaha
52%
Yorkshire Terrier
52%
Ypsilon
29%
Yuan
21%
Yokohama
14%
Yung Hurn
7%
Yuzu
7%
Yggdrasil
5%
Ysop
5%
Yves Saint Laurent
5%
Keine übereinstimmenden Quizze gefunden
Verteilung der Resultate
Anzahl Personen mit jedem Resultat
Perzentil nach korrekt beantworteten Fragen
Ihre Resultats-Entwicklung
Sie haben dieses Quiz noch nicht gespielt